Central Library OPAC University of Rajshahi

Cases in marketing channel strategy / (Record no. 61893)

MARC details
000 -LEADER
fixed length control field 00811nam a2200253 a 4500
001 - CONTROL NUMBER
control field 61893
003 - CONTROL NUMBER IDENTIFIER
rucl marc code BD-RjUL
005 - DATE AND TIME OF LATEST TRANSACTION
control field 20211209081019.0
008 - FIXED-LENGTH DATA ELEMENTS--GENERAL INFORMATION
fixed length control field 170122s1977 nyua 000 0 eng
020 ## - INTERNATIONAL STANDARD BOOK NUMBER
International Standard Book Number 0060462140
035 ## - SYSTEM CONTROL NUMBER
System control number (BD-RjUL)62018
040 ## - CATALOGING SOURCE
Original cataloging agency DLC
Transcribing agency DLC
Modifying agency BD-RjUL
Language of cataloging eng
041 ## - LANGUAGE CODE
Language code of text/sound track or separate title eng
082 00 - DEWEY DECIMAL CLASSIFICATION NUMBER
Classification number 658.84
Edition number 23
Author mark and year FOC 1977
100 1# - MAIN ENTRY--PERSONAL NAME
Personal name Foster, John Robert.
9 (RLIN) 184237
245 10 - TITLE STATEMENT
Title Cases in marketing channel strategy /
Statement of responsibility, etc. J. Robert Foster, Arch G. Woodside, J. Taylor Sims.
260 ## - PUBLICATION, DISTRIBUTION, ETC. (IMPRINT)
Place of publication, distribution, etc. New York :
Name of publisher, distributor, etc. Harper & Row,
Date of publication, distribution, etc. c1977.
300 ## - PHYSICAL DESCRIPTION
Pagination xi, 220 p. :
Illustrations ill. ;
Size 24 cm.
500 ## - GENERAL NOTE
General note Includes index.
650 #0 - SUBJECT ADDED ENTRY--TOPICAL TERM
Topical term or geographic name as entry element Marketing channels
General subdivision Case studies.
9 (RLIN) 184238
700 1# - ADDED ENTRY--PERSONAL NAME
Personal name Woodside, Arch G.,
Relator term joint author.
Personal name Sims, J. Taylor,
Dates associated with a name 1939-
Relator term joint author.
942 ## - ADDED ENTRY ELEMENTS (KOHA)
Source of classification or shelving scheme Dewey Decimal Classification
Koha item type Books
Holdings
Lost status Source of classification or shelving scheme Damaged status Not for loan Collection code Permanent Location Current Location Shelving location Date acquired Source of acquisition Total Checkouts Full call number Date last seen Copy number Koha item type
  Dewey Decimal Classification   Not For Loan Non-fiction Central Library, University of Rajshahi Central Library, University of Rajshahi Reading Room 05/09/1985 Asia Foundation   658.84 FOC 1977 22/01/2017 C-1 Books